[Event "Perm op 08"]
[Site "Perm"]
[Date "2008.08.18"]
[Round "8"]
[White "Gladkov, Igor"]
[Black "Shalynykh, Viktor"]
[Result "0-1"]
[WhiteElo "2011"]
[BlackElo "2026"]
[PlyCount "84"]
[EventDate "2008.08.09"]
[EventType "swiss"]
[EventRounds "8"]
[EventCountry "RUS"]
[SourceTitle "EXT 2022"]
[Source "ChessBase"]
[SourceDate "2021.10.06"]
[SourceVersion "1"]
[SourceVersionDate "2021.10.06"]
[SourceQuality "1"]

1. c4 Nf6 2. Nc3 e5 3. Nf3 Nc6 4. d4 exd4 5. Nxd4 Ne5 6. Qa4 c6 7. Bf4 d6 8. e3 Be7 9. Bxe5 dxe5 10. Nf3 Qc7 11. Nd5 Nxd5 12. cxd5 Bd7 13. dxc6 Bxc6 14. Bb5 0-0 15. Bxc6 bxc6 16. 0-0 Rab8 17. b3 Rb4 18. Qa6 Bf6 19. Rac1 Rb6 20. Qa4 g6 21. Rc5 Rc8 22. Rfc1 Bg7 23. Ra5 Qd6 24. Rxa7 Rb4 25. Qa6 Rd8 26. Ra8 e4 27. Qxc6 Bf8 28. Qxd6 Rxd6 29. Nd4 Kg7 30. Rc7 Rf6 31. Rcc8 Bd6 32. Re8 Rb7 33. Rxe4 Rc7 34. g3 Bc5 35. Ra4 Bxd4 36. Rexd4 Rc2 37. Rf4 Rd6 38. Ra7 Kh6 39. Rfxf7 Rcd2 40. Rxh7+ Kg5 41. h4+ Kg4 42. Ra4+ Kh3 0-1